[Event "DEM U10 2023"]
[Site "Willingen GER"]
[Date "2023.06.03"]
[Round "11"]
[White "Prashanthakumar, Arnesh"]
[Black "Cremann, Jannis"]
[Result "0-1"]
[Termination "normal"]
[Board "23"]
[WhiteElo "1395"]
[BlackElo "1324"]
[WhiteClock "00:08:53"]
[BlackClock "01:13:53"]
[PlyCount "58"]
[WhiteFideId "34604073"]
[BlackFideId "34660178"]
[EventCountry "GER"]
[EventRounds "11"]
[EventType "swiss"]
[EventDate "2023.05.27"]

1. e4 {[%clk 01:15:59]} {[%emt 00:00:01]} c5 {[%clk 01:15:53]} {[%emt
00:00:07]} 2. Nf3 {[%clk 01:16:10]} {[%emt 00:00:18]} Nc6 {[%clk 01:16:06]}
{[%emt 00:00:17]} 3. d4 {[%clk 01:16:03]} {[%emt 00:00:36]} cxd4 {[%clk
01:16:28]} {[%emt 00:00:09]} 4. Nxd4 {[%clk 01:15:55]} {[%emt 00:00:38]} g6
{[%clk 01:16:36]} {[%emt 00:00:22]} 5. Nc3 {[%clk 01:15:50]} {[%emt 00:00:35]}
Bg7 {[%clk 01:16:55]} {[%emt 00:00:11]} 6. Be3 {[%clk 01:15:30]} {[%emt
00:00:49]} Nf6 {[%clk 01:17:11]} {[%emt 00:00:14]} 7. Bc4 {[%clk 01:15:08]}
{[%emt 00:00:52]} O-O {[%clk 01:17:30]} {[%emt 00:00:12]} 8. f3 {[%clk
01:14:57]} {[%emt 00:00:40]} Qb6 {[%clk 01:17:44]} {[%emt 00:00:17]} 9. Bb3
{[%clk 01:13:59]} {[%emt 00:01:26]} Ng4 {[%clk 01:17:38]} {[%emt 00:00:37]} 10.
fxg4 {[%clk 01:13:08]} {[%emt 00:01:21]} Bxd4 {[%clk 01:17:50]} {[%emt
00:00:19]} 11. Bxd4 {[%clk 01:12:43]} {[%emt 00:00:54]} Nxd4 {[%clk 01:18:10]}
{[%emt 00:00:10]} 12. Qd2 {[%clk 01:11:22]} {[%emt 00:01:50]} Nxb3 {[%clk
01:17:09]} {[%emt 00:01:32]} 13. axb3 {[%clk 01:11:40]} {[%emt 00:00:12]} d6
{[%clk 01:17:19]} {[%emt 00:00:19]} 14. h3 {[%clk 01:09:46]} {[%emt 00:02:23]}
Be6 {[%clk 01:17:12]} {[%emt 00:00:39]} 15. O-O-O {[%clk 01:07:53]} {[%emt
00:02:23]} Rfc8 {[%clk 01:17:14]} {[%emt 00:00:28]} 16. Qh6 {[%clk 01:06:39]}
{[%emt 00:01:43]} Qa5 {[%clk 01:17:21]} {[%emt 00:00:25]} 17. Kb1 {[%clk
01:05:24]} {[%emt 00:01:45]} Qb6 {[%clk 01:16:00]} {[%emt 00:01:51]} 18. g5
{[%clk 01:03:22]} {[%emt 00:02:31]} Bxb3 {[%clk 01:15:39]} {[%emt 00:00:52]}
19. h4 {[%clk 00:57:51]} {[%emt 00:06:00]} Rxc3 {[%clk 01:12:53]} {[%emt
00:03:17]} 20. bxc3 {[%clk 00:54:29]} {[%emt 00:03:51]} Bd5+ {[%clk 01:12:59]}
{[%emt 00:00:24]} 21. Kc1 {[%clk 00:52:26]} {[%emt 00:02:33]} Bxe4 {[%clk
01:13:12]} {[%emt 00:00:18]} 22. Rh2 {[%clk 00:48:25]} {[%emt 00:04:31]} Qe3+
{[%clk 01:13:28]} {[%emt 00:00:15]} 23. Kb2 {[%clk 00:47:31]} {[%emt 00:01:23]}
Rc8 {[%clk 01:13:52]} {[%emt 00:00:08]} 24. Rh3 {[%clk 00:42:02]} {[%emt
00:05:58]} Qe2 {[%clk 01:13:42]} {[%emt 00:00:40]} 25. Rc1 {[%clk 00:34:44]}
{[%emt 00:07:46]} Rc6 {[%clk 01:13:26]} {[%emt 00:00:49]} 26. c4 {[%clk
00:25:52]} {[%emt 00:09:21]} Qxc4 {[%clk 01:13:46]} {[%emt 00:00:10]} 27. Rb3
{[%clk 00:17:33]} {[%emt 00:08:47]} Bxc2 {[%clk 01:13:49]} {[%emt 00:00:30]}
28. Rxb7 {[%clk 00:08:40]} {[%emt 00:09:22]} Qc3+ {[%clk 01:13:24]} {[%emt
00:00:54]} 29. Ka2 {[%clk 00:08:53]} {[%emt 00:00:15]} Ra6# {[%clk 01:13:53]}
{[%emt 00:00:04]} 0-1

[Event "DEM U10 2023"]
[Site "Willingen GER"]
[Date "2023.06.03"]
[Round "11"]
[White "Döscher, Rasmus"]
[Black "Gruner, Cornelius"]
[Result "1-0"]
[Termination "normal"]
[Board "24"]
[WhiteElo "1049"]
[BlackElo "1279"]
[WhiteClock "00:28:08"]
[BlackClock "00:33:35"]
[PlyCount "139"]
[WhiteFideId "34625038"]
[BlackFideId "34616306"]
[EventCountry "GER"]
[EventRounds "11"]
[EventType "swiss"]
[EventDate "2023.05.27"]

1. d4 {[%clk 01:15:59]} d5 {[%emt 00:00:16]} 2. c4 {[%clk 01:16:20]} e6 {[%clk
01:16:19]} {[%emt 00:00:05]} 3. Nf3 {[%clk 01:16:27]} {[%emt 00:00:22]} Nf6
{[%clk 01:16:17]} {[%emt 00:00:33]} 4. Nc3 {[%clk 01:10:53]} {[%emt 00:06:03]}
dxc4 {[%clk 01:15:23]} {[%emt 00:01:25]} 5. a4 {[%clk 01:10:55]} {[%emt
00:00:28]} Bb4 {[%clk 01:14:18]} {[%emt 00:01:35]} 6. g3 {[%clk 01:10:22]}
{[%emt 00:01:01]} O-O {[%clk 01:12:25]} {[%emt 00:02:25]} 7. Bg2 {[%clk
01:09:11]} {[%emt 00:01:41]} c5 {[%clk 01:08:35]} {[%emt 00:04:20]} 8. O-O
{[%clk 01:08:19]} {[%emt 00:01:21]} Nc6 {[%clk 01:06:29]} {[%emt 00:02:38]} 9.
dxc5 {[%clk 01:07:40]} {[%emt 00:01:07]} Bxc5 {[%clk 01:03:50]} {[%emt
00:03:11]} 10. Bf4 {[%clk 00:52:29]} {[%emt 00:15:39]} Qe7 {[%clk 00:55:40]}
{[%emt 00:08:40]} 11. Qb1 {[%clk 00:50:13]} {[%emt 00:02:46]} h6 {[%clk
00:47:59]} {[%emt 00:08:12]} 12. h4 {[%clk 00:46:41]} {[%emt 00:04:02]} e5
{[%clk 00:46:56]} {[%emt 00:01:33]} 13. Bd2 {[%clk 00:43:12]} {[%emt 00:03:58]}
e4 {[%clk 00:41:38]} {[%emt 00:05:49]} 14. Nh2 {[%clk 00:42:12]} {[%emt
00:01:29]} e3 {[%clk 00:41:01]} {[%emt 00:01:07]} 15. Be1 {[%clk 00:42:12]}
{[%emt 00:00:30]} exf2+ {[%clk 00:41:00]} {[%emt 00:00:32]} 16. Bxf2 {[%clk
00:42:23]} {[%emt 00:00:18]} Ng4 {[%clk 00:40:40]} {[%emt 00:00:50]} 17. Nxg4
{[%clk 00:42:19]} {[%emt 00:00:34]} Bxg4 {[%clk 00:40:56]} {[%emt 00:00:14]}
18. Bxc5 {[%clk 00:40:59]} {[%emt 00:01:50]} Qxc5+ {[%clk 00:40:45]} {[%emt
00:00:41]} 19. Kh2 {[%clk 00:40:26]} {[%emt 00:01:03]} Rae8 {[%clk 00:39:15]}
{[%emt 00:02:01]} 20. Qe1 {[%clk 00:36:01]} {[%emt 00:04:53]} Re5 {[%clk
00:36:29]} {[%emt 00:03:17]} 21. Qf2 {[%clk 00:33:43]} {[%emt 00:02:44]} Rf5
{[%clk 00:33:52]} {[%emt 00:03:11]} 22. Qxc5 {[%clk 00:33:54]} {[%emt
00:00:17]} Rxc5 {[%clk 00:34:15]} {[%emt 00:00:08]} 23. Rf2 {[%clk 00:31:09]}
{[%emt 00:03:15]} f5 {[%clk 00:33:15]} {[%emt 00:01:30]} 24. Rd1 {[%clk
00:29:52]} {[%emt 00:01:44]} g5 {[%clk 00:31:33]} {[%emt 00:02:15]} 25. Rd7
{[%clk 00:29:17]} {[%emt 00:00:58]} Rb8 {[%clk 00:30:44]} {[%emt 00:01:26]} 26.
Nd5 {[%clk 00:28:46]} {[%emt 00:01:00]} Ne5 {[%clk 00:27:06]} {[%emt 00:04:08]}
27. Nf6+ {[%clk 00:28:31]} {[%emt 00:00:45]} Kf8 {[%clk 00:26:57]} {[%emt
00:00:39]} 28. Bh3 {[%clk 00:28:10]} {[%emt 00:00:51]} Bxh3 {[%clk 00:26:40]}
{[%emt 00:00:47]} 29. Kxh3 {[%clk 00:28:19]} {[%emt 00:00:21]} g4+ {[%clk
00:26:26]} {[%emt 00:00:44]} 30. Kg2 {[%clk 00:28:08]} {[%emt 00:00:41]} Nf7
{[%clk 00:26:12]} {[%emt 00:00:44]} 31. Nd5 {[%clk 00:26:28]} {[%emt 00:02:09]}
Rd8 {[%clk 00:25:36]} {[%emt 00:01:06]} 32. Rxd8+ {[%clk 00:26:36]} {[%emt
00:00:22]} Nxd8 {[%clk 00:26:00]} {[%emt 00:00:07]} 33. Rxf5+ {[%clk 00:26:52]}
{[%emt 00:00:14]} Kg7 {[%clk 00:25:54]} {[%emt 00:00:35]} 34. Ne3 {[%clk
00:26:26]} {[%emt 00:00:57]} Rc6 {[%clk 00:25:46]} {[%emt 00:00:38]} 35. Rd5
{[%clk 00:26:30]} {[%emt 00:00:26]} Nf7 {[%clk 00:25:29]} {[%emt 00:00:46]} 36.
Rd7 {[%clk 00:26:46]} {[%emt 00:00:14]} Re6 {[%clk 00:25:07]} {[%emt 00:00:52]}
37. Nxg4 {[%clk 00:25:18]} {[%emt 00:01:58]} Rxe2+ {[%clk 00:25:21]} {[%emt
00:00:17]} 38. Kf3 {[%clk 00:24:38]} {[%emt 00:01:10]} Rxb2 {[%clk 00:25:41]}
{[%emt 00:00:10]} 39. Ne5 {[%clk 00:24:49]} {[%emt 00:00:18]} c3 {[%clk
00:25:30]} {[%emt 00:00:42]} 40. Rxf7+ {[%clk 00:25:06]} {[%emt 00:00:13]} Kg8
{[%clk 00:25:41]} {[%emt 00:00:19]} 41. Rc7 {[%clk 00:25:07]} {[%emt 00:00:29]}
c2 {[%clk 00:26:04]} {[%emt 00:00:08]} 42. Nd3 {[%clk 00:25:26]} {[%emt
00:00:10]} Rb3 {[%clk 00:26:15]} {[%emt 00:00:19]} 43. Ke3 {[%clk 00:25:40]}
{[%emt 00:00:15]} b6 {[%clk 00:26:24]} {[%emt 00:00:22]} 44. Rxc2 {[%clk
00:25:58]} {[%emt 00:00:12]} b5 {[%clk 00:26:41]} {[%emt 00:00:14]} 45. axb5
{[%clk 00:26:12]} {[%emt 00:00:15]} Rxb5 {[%clk 00:27:06]} {[%emt 00:00:05]}
46. Rc8+ {[%clk 00:26:32]} {[%emt 00:00:10]} Kh7 {[%clk 00:27:27]} {[%emt
00:00:08]} 47. Rc7+ {[%clk 00:26:53]} {[%emt 00:00:09]} Kg6 {[%clk 00:27:47]}
{[%emt 00:00:10]} 48. Rxa7 {[%clk 00:27:11]} {[%emt 00:00:12]} Kh5 {[%clk
00:28:11]} {[%emt 00:00:07]} 49. Ra4 {[%clk 00:27:00]} {[%emt 00:00:41]} Re5+
{[%clk 00:28:16]} {[%emt 00:00:24]} 50. Re4 {[%clk 00:26:57]} {[%emt 00:00:33]}
Rxe4+ {[%clk 00:28:40]} {[%emt 00:00:06]} 51. Kxe4 {[%clk 00:27:20]} {[%emt
00:00:07]} Kg4 {[%clk 00:29:05]} {[%emt 00:00:05]} 52. Ne5 {[%clk 00:27:08]}
{[%emt 00:00:42]} Kxg3 {[%clk 00:29:23]} {[%emt 00:00:12]} 53. Ng6 {[%clk
00:26:18]} {[%emt 00:01:21]} Kg4 {[%clk 00:29:32]} {[%emt 00:00:21]} 54. Ke5
{[%clk 00:26:30]} {[%emt 00:00:18]} h5 {[%clk 00:29:30]} {[%emt 00:00:32]} 55.
Kf6 {[%clk 00:26:45]} {[%emt 00:00:15]} Kg3 {[%clk 00:29:19]} {[%emt 00:00:41]}
56. Kg5 {[%clk 00:27:07]} {[%emt 00:00:08]} Kf3 {[%clk 00:29:30]} {[%emt
00:00:19]} 57. Kxh5 {[%clk 00:27:28]} {[%emt 00:00:09]} Ke4 {[%clk 00:29:44]}
{[%emt 00:00:16]} 58. Kg5 {[%clk 00:27:49]} {[%emt 00:00:09]} Kd5 {[%clk
00:30:07]} {[%emt 00:00:07]} 59. h5 {[%clk 00:28:11]} {[%emt 00:00:08]} Ke6
{[%clk 00:30:31]} {[%emt 00:00:06]} 60. h6 {[%clk 00:28:28]} {[%emt 00:00:12]}
Kf7 {[%clk 00:30:53]} {[%emt 00:00:09]} 61. h7 {[%clk 00:28:46]} {[%emt
00:01:41]} Ke6 {[%clk 00:30:52]} {[%emt 00:00:31]} 62. h8=Q {[%clk 00:29:00]}
{[%emt 00:00:15]} Kd7 {[%clk 00:31:03]} {[%emt 00:00:19]} 63. Qe5 {[%clk
00:29:12]} {[%emt 00:00:19]} Kc6 {[%clk 00:31:17]} {[%emt 00:00:16]} 64. Qd4
{[%clk 00:29:18]} {[%emt 00:00:24]} Kb7 {[%clk 00:31:34]} {[%emt 00:00:13]} 65.
Qd6 {[%clk 00:29:36]} {[%emt 00:00:12]} Ka8 {[%clk 00:31:53]} {[%emt 00:00:12]}
66. Qd7 {[%clk 00:29:56]} {[%emt 00:00:10]} Kb8 {[%clk 00:32:18]} {[%emt
00:00:05]} 67. Ne5 {[%clk 00:30:09]} {[%emt 00:00:17]} Ka8 {[%clk 00:32:43]}
{[%emt 00:00:06]} 68. Kg6 {[%clk 00:30:30]} {[%emt 00:00:08]} Kb8 {[%clk
00:33:08]} {[%emt 00:00:06]} 69. Nc6+ {[%clk 00:30:52]} {[%emt 00:00:08]} Ka8
{[%clk 00:33:35]} {[%emt 00:00:03]} 70. Qc8# {[%clk 00:28:08]} {[%emt
00:00:09]} 1-0

[Event "DEM U10 2023"]
[Site "Willingen GER"]
[Date "2023.06.03"]
[Round "11"]
[White "Ziem, Ole"]
[Black "Weibrecht, Theo"]
[Result "1/2-1/2"]
[Termination "normal"]
[Board "25"]
[WhiteElo "1312"]
[BlackElo "1170"]
[WhiteClock "00:58:53"]
[BlackClock "00:37:28"]
[PlyCount "137"]
[WhiteFideId "34624791"]
[BlackFideId "34660240"]
[EventCountry "GER"]
[EventRounds "11"]
[EventType "swiss"]
[EventDate "2023.05.27"]

1. e4 {[%clk 01:15:57]} {[%emt 00:00:01]} c5 {[%clk 01:15:56]} {[%emt
00:00:05]} 2. Nf3 {[%clk 01:16:22]} {[%emt 00:00:05]} Nc6 {[%clk 01:16:20]}
{[%emt 00:00:07]} 3. Nc3 {[%clk 01:16:48]} {[%emt 00:00:05]} d6 {[%clk
01:16:02]} {[%emt 00:00:47]} 4. d4 {[%clk 01:16:57]} {[%emt 00:00:21]} cxd4
{[%clk 01:16:22]} {[%emt 00:00:10]} 5. Nxd4 {[%clk 01:17:22]} {[%emt 00:00:05]}
Bd7 {[%clk 01:16:10]} {[%emt 00:00:42]} 6. f3 {[%clk 01:14:55]} {[%emt
00:02:56]} Nf6 {[%clk 01:16:13]} {[%emt 00:00:27]} 7. Bg5 {[%clk 01:15:20]}
{[%emt 00:00:06]} e5 {[%clk 01:16:09]} {[%emt 00:00:31]} 8. Ndb5 {[%clk
01:15:27]} {[%emt 00:00:25]} a6 {[%clk 01:15:53]} {[%emt 00:00:47]} 9. Na3
{[%clk 01:05:12]} {[%emt 00:10:46]} b5 {[%clk 01:15:42]} {[%emt 00:00:40]} 10.
Nd5 {[%clk 01:05:37]} {[%emt 00:00:05]} Be7 {[%clk 01:15:01]} {[%emt 00:01:06]}
11. Bxf6 {[%clk 00:59:56]} {[%emt 00:06:16]} Bxf6 {[%clk 01:15:15]} {[%emt
00:00:15]} 12. Qd2 {[%clk 01:00:07]} {[%emt 00:00:17]} O-O {[%clk 01:14:04]}
{[%emt 00:01:44]} 13. g3 {[%clk 00:59:22]} {[%emt 00:01:15]} Nd4 {[%clk
01:13:09]} {[%emt 00:01:22]} 14. Be2 {[%clk 00:58:39]} {[%emt 00:01:16]} Rb8
{[%clk 01:11:26]} {[%emt 00:02:12]} 15. c3 {[%clk 00:58:51]} {[%emt 00:00:19]}
Nc6 {[%clk 01:11:06]} {[%emt 00:00:38]} 16. O-O-O {[%clk 00:58:43]} {[%emt
00:00:50]} Bg5 {[%clk 01:10:26]} {[%emt 00:00:48]} 17. f4 {[%clk 00:59:08]}
{[%emt 00:00:26]} exf4 {[%clk 01:10:16]} {[%emt 00:00:38]} 18. gxf4 {[%clk
00:59:33]} {[%emt 00:00:07]} Bh6 {[%clk 01:10:03]} {[%emt 00:00:39]} 19. Qe1
{[%clk 00:58:07]} {[%emt 00:01:57]} Be6 {[%clk 01:09:32]} {[%emt 00:00:47]} 20.
Kb1 {[%clk 00:58:30]} {[%emt 00:00:24]} Ne7 {[%clk 01:09:00]} {[%emt 00:00:56]}
21. Nxe7+ {[%clk 00:57:37]} {[%emt 00:01:29]} Qxe7 {[%clk 01:08:27]} {[%emt
00:00:37]} 22. Qg3 {[%clk 00:57:47]} {[%emt 00:00:45]} f5 {[%clk 01:07:07]}
{[%emt 00:01:51]} 23. exf5 {[%clk 00:53:51]} {[%emt 00:04:27]} Bxf5+ {[%emt
00:02:46]} 24. Bd3 {[%emt 00:00:05]} Bxf4 {[%clk 01:03:21]} {[%emt 00:01:20]}
25. Qg2 {[%clk 00:53:26]} {[%emt 00:00:59]} Bxd3+ {[%clk 01:02:48]} {[%emt
00:00:48]} 26. Rxd3 {[%clk 00:53:40]} {[%emt 00:00:31]} Be5 {[%clk 01:01:45]}
{[%emt 00:00:50]} 27. Rg1 {[%clk 00:53:51]} {[%emt 00:01:02]} g6 {[%clk
00:59:55]} {[%emt 00:02:18]} 28. Re3 {[%clk 00:53:40]} {[%emt 00:00:41]} Qf6
{[%clk 00:59:23]} {[%emt 00:00:51]} 29. Nc2 {[%clk 00:52:27]} {[%emt 00:01:56]}
Qf5 {[%clk 00:54:15]} {[%emt 00:05:29]} 30. h4 {[%clk 00:51:45]} {[%emt
00:01:22]} Qf2 {[%clk 00:53:16]} {[%emt 00:01:18]} 31. Qxf2 {[%clk 00:51:55]}
{[%emt 00:00:31]} Rxf2 {[%clk 00:53:23]} {[%emt 00:00:13]} 32. h5 {[%clk
00:52:14]} {[%emt 00:00:20]} Kg7 {[%clk 00:53:16]} {[%emt 00:00:33]} 33. hxg6
{[%clk 00:52:27]} {[%emt 00:00:21]} hxg6 {[%clk 00:53:19]} {[%emt 00:00:18]}
34. Nd4 {[%clk 00:52:24]} {[%emt 00:00:43]} Bxd4 {[%emt 00:01:13]} 35. cxd4
{[%emt 00:00:06]} Rd2 {[%clk 00:51:39]} {[%emt 00:00:46]} 36. Reg3 {[%clk
00:52:38]} {[%emt 00:00:19]} Rxd4 {[%emt 00:02:01]} 37. Rxg6+ {[%emt 00:00:08]}
Kf7 {[%clk 00:49:32]} {[%emt 00:00:15]} 38. Rg7+ {[%clk 00:53:06]} {[%emt
00:00:16]} Ke6 {[%clk 00:48:59]} {[%emt 00:00:56]} 39. Re1+ {[%clk 00:53:25]}
{[%emt 00:00:17]} Kd5 {[%clk 00:49:03]} {[%emt 00:00:21]} 40. Rg5+ {[%clk
00:53:44]} {[%emt 00:00:17]} Kc6 {[%clk 00:49:03]} {[%emt 00:00:19]} 41. Kc2
{[%clk 00:52:48]} {[%emt 00:01:36]} Rd5 {[%clk 00:47:25]} {[%emt 00:02:03]} 42.
Rxd5 {[%clk 00:52:41]} {[%emt 00:00:42]} Kxd5 {[%emt 00:02:55]} 43. Rd1+ {[%emt
00:00:05]} Kc6 {[%emt 00:00:16]} 44. Kb3 {[%emt 00:00:07]} a5 {[%clk 00:44:07]}
{[%emt 00:00:26]} 45. Rc1+ {[%clk 00:53:04]} {[%emt 00:00:06]} Kd7 {[%clk
00:44:16]} {[%emt 00:00:19]} 46. a3 {[%clk 00:53:25]} {[%emt 00:00:11]} Rc8
{[%clk 00:44:26]} {[%emt 00:00:20]} 47. Rh1 {[%clk 00:53:51]} {[%emt 00:00:05]}
Re8 {[%clk 00:44:26]} {[%emt 00:00:23]} 48. Rc1 {[%clk 00:54:12]} {[%emt
00:00:16]} Re3+ {[%clk 00:44:38]} {[%emt 00:00:16]} 49. Ka2 {[%clk 00:54:35]}
{[%emt 00:00:08]} a4 {[%clk 00:44:13]} {[%emt 00:00:55]} 50. Rh1 {[%clk
00:54:46]} {[%emt 00:00:18]} Kc6 {[%clk 00:44:25]} {[%emt 00:00:16]} 51. Rc1+
{[%clk 00:55:08]} {[%emt 00:00:11]} Kd5 {[%clk 00:44:31]} {[%emt 00:00:18]} 52.
Rd1+ {[%clk 00:55:30]} {[%emt 00:00:13]} Ke5 {[%clk 00:44:41]} {[%emt
00:00:19]} 53. Rh1 {[%clk 00:55:45]} {[%emt 00:00:14]} d5 {[%clk 00:44:39]}
{[%emt 00:00:34]} 54. Kb1 {[%clk 00:56:09]} {[%emt 00:00:05]} Ke4 {[%clk
00:44:27]} {[%emt 00:00:39]} 55. Rh4+ {[%clk 00:56:22]} {[%emt 00:00:20]} Kd3
{[%clk 00:44:45]} {[%emt 00:00:10]} 56. Rh1 {[%clk 00:56:49]} {[%emt 00:00:05]}
Kc4 {[%clk 00:45:01]} {[%emt 00:00:12]} 57. Rc1+ {[%clk 00:57:08]} {[%emt
00:00:13]} Kd3 {[%clk 00:42:06]} {[%emt 00:03:22]} 58. Rd1+ {[%clk 00:57:22]}
{[%emt 00:00:19]} Ke4 {[%clk 00:42:17]} {[%emt 00:00:16]} 59. Kc2 {[%clk
00:57:42]} {[%emt 00:00:13]} d4 {[%clk 00:41:38]} {[%emt 00:01:09]} 60. Rh1
{[%clk 00:57:11]} {[%emt 00:01:00]} Re2+ {[%emt 00:00:48]} 61. Kc1 {[%clk
00:57:13]} {[%emt 00:00:22]} Kd3 {[%clk 00:40:57]} {[%emt 00:00:56]} 62. Rd1+
{[%clk 00:57:24]} {[%emt 00:00:23]} Kc4 {[%clk 00:41:10]} {[%emt 00:00:12]} 63.
Rf1 {[%clk 00:57:26]} {[%emt 00:00:30]} Kb3 {[%clk 00:41:23]} {[%emt 00:00:19]}
64. Rf4 {[%clk 00:57:26]} {[%emt 00:00:32]} d3 {[%clk 00:41:07]} {[%emt
00:00:44]} 65. Rf3 {[%clk 00:57:52]} {[%emt 00:00:04]} Rc2+ {[%clk 00:39:42]}
{[%emt 00:01:48]} 66. Kd1 {[%clk 00:58:02]} {[%emt 00:00:27]} Kc4 {[%clk
00:37:31]} {[%emt 00:02:38]} 67. Rf4+ {[%clk 00:58:19]} {[%emt 00:00:16]} Kd5
{[%clk 00:37:07]} {[%emt 00:00:53]} 68. Rf5+ {[%clk 00:58:35]} {[%emt
00:00:15]} Ke4 {[%clk 00:37:28]} {[%emt 00:00:07]} 69. Rxb5 {[%clk 00:58:53]}
{[%emt 00:00:14]} 1/2-1/2